Tronet podporí komunikačné prepojenie na košickom magistráte a polícii

Bibliographic Details
Main Author: (jsv) (Author)
Corporate Author: Tronet (Košice, Slovensko)) (Author)
Format: Article
Language:Slovak
Subjects:

MARC

LEADER 00000nab a2200000 a 4500
001 vtls000904392
003 SK-MaSNL
005 20260302172905.0
008 040720e20000610xo 0 slo
035 |a KE13346 
040 |a KEVKJB  |b slo  |c KEVKJB  |e AACR2 
041 0 |a slo 
044 |a xo  |c SK 
080 |a 711.7  |2 1981 
100 0 |a (jsv)  |4 aut  |9 872768 
245 1 0 |a Tronet podporí komunikačné prepojenie na košickom magistráte a polícii 
518 |a 8.6.2000 
610 2 7 |a Tronet (Košice, Slovensko))  |2 KEVKJB  |9 879705 
650 0 7 |a siete komunikačné  |2 KEVKJB  |9 680188 
650 0 7 |a vytváranie  |2 KEVKJB  |9 879706 
650 0 7 |a pobočka  |2 KEVKJB  |9 879435 
650 0 7 |a otvorenie  |2 KEVKJB  |9 765696 
651 7 |a Košice (Slovensko)  |2 KEVKJB  |9 18694 
651 7 |a KE,  |2 KEVKJB  |9 877256 
655 7 |a periodikum  |2 snkbucl  |9 29553 
710 2 |a Tronet (Košice, Slovensko))  |4 aut  |9 879705 
773 0 8 |t Korzár  |g Roč. 3, č.133, 10.6.2000, s. 3 
852 |a ZVYKNI  |b KIS3GCP 
999 |c 1399994  |d 1401924